书目信息 |
| 题名: |
抗体药物的药理学与治疗学研究
|
|
| 作者: | 刘昌孝 主编 | |
| 分册: | ||
| 出版信息: | 北京 科学出版社 2015.08 |
|
| 页数: | 546页 | |
| 开本: | 26cm | |
| 丛书名: | ||
| 单 册: | ||
| 中图分类: | R392.11 , R97 | |
| 科图分类: | ||
| 主题词: | 抗体--药物--药理学--研究 , 抗体--药物疗法--研究 | |
| 电子资源: | ||
| ISBN: | 978-7-03-045477-5 | |
| 000 | 00930nam0 2200253 450 | |
| 001 | 3876 | |
| 005 | 20181008165737.90 | |
| 010 | @a978-7-03-045477-5@dCNY188.00 | |
| 100 | @a20151126d2015 em y0chiy0110 ea | |
| 101 | 0 | @achi |
| 102 | @aCN@b110000 | |
| 105 | @ay z 001yy | |
| 200 | 1 | @a抗体药物的药理学与治疗学研究@9kang ti yao wu de yao li xue yu zhi liao xue yan jiu@dPharmacology and therapeutics of antibodies@f刘昌孝主编@zeng |
| 210 | @a北京@c科学出版社@d2015.08 | |
| 215 | @a546页@d26cm | |
| 330 | @a本书重点从抗体药物所特有的靶向性、免疫原性和临床安全性出发,反映国内外最新研究进展,为抗体药物的研发提供借鉴。 | |
| 510 | 1 | @aPharmacology and therapeutics of antibodies@zeng |
| 606 | 0 | @a抗体@x药物@x药理学@x研究 |
| 606 | 0 | @a抗体@x药物疗法@x研究 |
| 690 | @aR392.11@v5 | |
| 690 | @aR97@v5 | |
| 701 | 0 | @a刘昌孝@9liu chang xiao@f(1942.5-)@4主编 |
| 801 | 0 | @aCN@b91MARC@c20151126 |
| 905 | @aMuseLib@dR392.11@e317 | |
| 抗体药物的药理学与治疗学研究=Pharmacology and therapeutics of antibodies/刘昌孝主编.-北京:科学出版社,2015.08 |
| 546页;26cm |
| ISBN 978-7-03-045477-5:CNY188.00 |
| 本书重点从抗体药物所特有的靶向性、免疫原性和临床安全性出发,反映国内外最新研究进展,为抗体药物的研发提供借鉴。 |
| ● |
| 相关链接 |
|
|
|
|
正题名:抗体药物的药理学与治疗学研究
索取号:R392.11/317
 
预约/预借
| 序号 | 登录号 | 条形码 | 馆藏地/架位号 | 状态 | 备注 |
| 1 | 1124001 | 211240012 | 第二样本阅览室/ [索取号:R392.11/317] | 在馆 | |
| 2 | 1124002 | 211240021 | 第三借阅区/ [索取号:R392.11/317] | 在馆 |